000 00620cab a2200217 4500
001 WB2832-44
008 090401t1992 xxu||||| |||| 00| 0 eng d
035 _a(Sirsi) u84964
041 _aeng
245 _aSell homes to avoid debt
260 _c1992
350 _a0
490 _aDaily Express
_v18 August 1992, 27(1)
520 _aMortgage lenders are urging homeowners to sell their property rather than become trapped in negative equity derived debt.
650 _aHOUSE PRICES
650 _aMORTGAGE DEBT
650 _aNEGATIVE EQUITY
690 _aHOUSING-FINANCE
942 _n0
948 _c04/03/1997
999 _c53416
_d53416